Tourism : (Record no. 145740)

MARC details
000 -LEADER
fixed length control field 00972nam a22002537a 4500
005 - DATE AND TIME OF LATEST TRANSACTION
control field 20180523155735.0
010 ## - LCCN (DPL NO)
LC control number 1718EN-30 ENG-121976 B-682310-312
020 ## - INTERNATIONAL STANDARD BOOK NUMBER
International Standard Book Number 9788126563715
Terms of availability 654.00
035 ## - SYSTEM CONTROL NUMBER
System control number EN-105508
035 ## - SYSTEM CONTROL NUMBER
System control number B-682310-312
037 ## - SOURCE OF ACQUISITION
Source of stock number/acquisition Pragati
Stock number dpl
037 ## - SOURCE OF ACQUISITION
Source of stock number/acquisition DBAD/PUB
082 ## - DEWEY DECIMAL CLASSIFICATION NUMBER
Classification number 338.4791
100 ## - MAIN ENTRY--PERSONAL NAME
Personal name Goeldner, Charles R.
245 ## - TITLE STATEMENT
Title Tourism :
Statement of responsibility, etc by Charles R. Goeldner [and] J.R. Brent Ritchie
Remainder of title principles, practices, philosophies /
250 ## - EDITION STATEMENT
Edition statement 12th ed
260 ## - PUBLICATION, DISTRIBUTION, ETC. (IMPRINT)
Place of publication, distribution, etc New Delhi
Name of publisher, distributor, etc Wiley India
Date of publication, distribution, etc 2017
270 ## - ADDRESS
Address 4435-36/7, Ansari Road, Daryaganj,
City New Delhi
Postal code 110002
300 v# - PHYSICAL DESCRIPTION
Extent xviii,494p.
Dimensions 25cm(pbk)
500 ## - GENERAL NOTE
General note Includes bibliographical references and index
700 ## - ADDED ENTRY--PERSONAL NAME
Personal name Ritchie, J.R. Brent
942 ## - ADDED ENTRY ELEMENTS (KOHA)
Source of classification or shelving scheme Dewey Decimal Classification
Item type English Books
Call number suffix GOE
Classification part 338.4791
Holdings
Withdrawn status Lost status Not for loan Collection code Home library Current library Date acquired Source of acquisition Cost, normal purchase price Full call number Barcode Copy number Cost, replacement price Koha item type
      Non-fiction Ashok Vihar Ashok Vihar 22/05/2018 Pragati/142/27.11.2017/672/20.11.2017/28.11.2017 654.00 338.4791 GOE B-682311 1 654.00 English Books
    Not For Loan Non-fiction D.B.Act.Division Bawana 03/01/2018 DBAD/PUB 654.00 338.4791 GOE EN-105508 1 654.00 English Books
      Non-fiction Central Library Central Library 22/05/2018 Pragati/142/27.11.2017/672/20.11.2017/28.11.2017 654.00 338.4791 GOE B-682310 1 654.00 English Books
      Non-fiction Patel Nagar Patel Nagar 22/05/2018 Pragati/142/27.11.2017/672/20.11.2017/28.11.2017 654.00 338.4791 GOE B-682312 1 654.00 English Books

© Delhi Public Library
Hit Counter
free hit counter